000 00428nab a2200145Ia 4500
003 ES-SlBCS
005 20210601135103.0
008 140529s1947 xxu||||| |||| 00| 0 spa d
041 _aspa
100 1 _aLapesa, Rafael
_935331
245 0 0 _aAldonza-Dulce-Dulcinea
_c Rafael Lapesa
650 0 4 _aDulcinea
_9227548
773 0 _tBoletin de la Biblioteca Menendez Pelayo
_gvol. 23, nº. 2-3, 1947, págs. 48-53
_wRev88
942 _cAR
999 _c622755
_d622755